000
00296nam a2200133Ia 4500
100
_a
BADVE/S.M.&Others
942
_c
BK
654
_a
Algebra
245
_a
Introduction to college algebra
260
_b
Somaiya Publications
_a
Bombay
_c
1972
082
_a
572
300
_a
240
546
_a
ENGLISH
999
_c
34941
_d
34941